Catalogo dos manuscriptos portuguezes existentes no Museu Britannico (Record no. 54159)

MARC details
000 -LEADER
campo de control de longitud fija 00648nam a22001695i 4500
001 - NÚMERO DE CONTROL
campo de control 54159
003 - IDENTIFICADOR DE NÚMERO DE CONTROL
campo de control ES-MaACL
005 - FECHA Y HORA DE LA ÚLTIMA TRANSACCIÓN
campo de control 20230906162915.0
007 - CAMPO FIJO DE DESCRIPCIÓN FÍSICA--INFORMACIÓN GENERAL
campo de control de longitud fija t|
008 - DATOS DE LONGITUD FIJA--INFORMACIÓN GENERAL
campo de control de longitud fija 960715s1853 po ||||1| por d
040 ## - FUENTE DE CATALOGACIÓN
Centro catalogador/agencia de origen CAM
Lengua de catalogación spa
Centro/agencia transcriptor CAM
100 1# - ENTRADA PRINCIPAL--NOMBRE DE PERSONA
Nombre de persona Figanière, Frederico Francisco de la
Títulos y otros términos asociados al nombre Visconde.
9 (RLIN) 50735
245 10 - MENCIÓN DEL TÍTULO
Título Catalogo dos manuscriptos portuguezes existentes no Museu Britannico
Resto del título : em que tambem se dá noticia dos manuscriptos estrangeiros relativos á historia civil ... /
Mención de responsabilidad, etc. por Frederico Francisco de la Figanière.
260 ## - PUBLICACIÓN, DISTRIBUCIÓN, ETC.
Lugar de publicación, distribución, etc. Lisboa :
Nombre del editor, distribuidor, etc. Imprensa Nacional,
Fecha de publicación, distribución, etc. 1853.
300 ## - DESCRIPCIÓN FÍSICA
Extensión XXVI, 415 p. ;
Dimensiones 21 cm.
852 ## - LOCALIZACIÓN
Ubicación ES-MaACL
Número de control de estantería G-9153
Holdings
Estatus retirado Estado de pérdida Estado de daño No para préstamo Colección Biblioteca de origen Biblioteca actual Ubicación en estantería Fecha de adquisición Fuente de adquisición Total de préstamos Signatura topográfica completa Código de barras Visto por última vez Precio de reemplazo Tipo de ítem Koha
        Libros del s. XIX Biblioteca del Ateneo de Madrid Biblioteca del Ateneo de Madrid Sala Pecera Planta 3 17/01/2008     G-9153 1056916 23/02/2023 23/02/2023 Libro impreso antiguo